[Event "ch-USA w 2018"]
[Site "Saint Louis USA"]
[Date "2018.04.22"]
[Round "5.3"]
[White "Sharevich, Anna"]
[Black "Zatonskih, Anna"]
[Result "1/2-1/2"]
[WhiteTitle "WGM"]
[BlackTitle "IM"]
[WhiteElo "2281"]
[BlackElo "2444"]
[WhiteFideId "13503189"]
[BlackFideId "14101572"]
[EventDate "2018.04.18"]

1. d4 d5 2. Nf3 Nf6 3. Bf4 g6 4. e3 Bg7 5. h3 O-O 6. Be2 c5 7. O-O Qb6 8. Nc3
Bd7 9. Rb1 Rc8 10. Be5 e6 11. Bh2 Be8 12. Ne5 a6 13. a3 Qa7 14. Na2 Ba4 15. Nc3
Be8 16. Na2 b5 17. c3 a5 18. dxc5 Qxc5 19. Nc1 Qe7 20. Ncd3 Na6 21. Nf3 Ne4 22.
Be5 f6 23. Bh2 Kh8 24. Nd2 Nd6 25. Bf3 Bc6 26. Re1 Ne4 27. Nb3 a4 28. Nd4 Be8
29. Nc2 Rd8 30. Ncb4 Nc7 31. Qe2 Na6 32. Nxa6 Rxa6 33. Nb4 Raa8 34. Rbd1 Rac8
35. Qc2 Ng5 36. Be2 Qb7 37. Bf4 Ne4 38. Bf3 g5 39. Bh2 Bg6 40. Qe2 Nc5 41. Bh5
Be4 42. f3 Bg6 43. Bxg6 hxg6 44. Bg3 Bf8 45. Nd3 Rd7 46. Bf2 Kg7 47. Nxc5 Bxc5
48. e4 Bxf2+ 49. Qxf2 Rcd8 50. e5 Qa7 51. Rd4 Rf8 52. Qg3 f5 53. Qxg5 f4 54. h4
Rf5 55. Qg4 Rdf7 56. h5 g5 57. h6+ Kg6 58. Kf2 Rh7 59. Rh1 Rxh6 60. Rxh6+ Kxh6
61. Qh3+ Kg7 62. g3 fxg3+ 63. Qxg3 Kg6 64. Kg2 Qc7 65. f4 Qf7 66. Qg4 Qh7 67.
Rd3 Qh5 68. Qxh5+ Kxh5 69. fxg5 Rxe5 70. Kf3 Re4 71. Rd1 Kxg5 72. Rg1+ Kf5 73.
Rg8 Re1 74. Rb8 e5 75. Rxb5 e4+ 76. Kf2 Rd1 77. Ke2 Rd3 78. c4 Kf4 79. cxd5 Rh3
80. d6 Rd3 81. Rb6 Rd5 82. Ra6 Rd4 83. d7 Rxd7 84. Rf6+ Ke5 85. Ra6 Rb7 86. Rxa4
Rxb2+ 87. Ke3 Rb3+ 88. Ke2 Kf4 89. Ra8 Rb2+ 90. Kd1 Ke3 91. Rh8 Ra2 92. Rh3+ Kd4
93. Rb3 Ke5 94. Ke1 Kf4 95. Rc3 Rb2 96. Kf1 Ke5 97. Ke1 Kd4 98. Rh3 Kc4 99. Re3
Kd4 100. Rh3 Rg2 101. Kd1 Ra2 102. Ke1 Ra1+ 103. Ke2 Ra2+ 104. Ke1 e3 105. Rh8
Rxa3 106. Rd8+ Ke4 107. Re8+ Kd3 108. Rd8+ Kc2 109. Ke2 Rc3 110. Re8 Kb3 111.
Rxe3 Rxe3+ 112. Kxe3 1/2-1/2

[Event "ch-USA w 2018"]
[Site "Saint Louis USA"]
[Date "2018.04.22"]
[Round "5.4"]
[White "Yu, Jennifer"]
[Black "Abrahamyan, Tatev"]
[Result "1/2-1/2"]
[WhiteTitle "FM"]
[BlackTitle "WGM"]
[WhiteElo "2367"]
[BlackElo "2366"]
[WhiteFideId "2078341"]
[BlackFideId "13301918"]
[EventDate "2018.04.18"]

1. e4 e6 2. d4 d5 3. exd5 exd5 4. Nf3 Nc6 5. Bd3 Bg4 6. c3 Bd6 7. O-O Nge7 8. b3
Qd7 9. Na3 a6 10. Nc2 f5 11. Re1 O-O 12. c4 Ng6 13. c5 Bf4 14. h3 Bh5 15. Bb2
Bh6 16. Bf1 Nd8 17. Nb4 Nf7 18. c6 bxc6 19. Ne5 Nfxe5 20. Qxh5 Bd2 21. dxe5 Bxb4
22. Red1 a5 23. Rac1 Rae8 24. a3 Be7 25. g3 Rb8 26. Qf3 Qe6 27. Qc3 Rb6 28. f4
Rfb8 29. Rd3 Nf8 30. Bg2 Kh8 31. Qc2 Nd7 32. Bd4 c5 33. Bc3 d4 34. Bxa5 Rxb3 35.
Bxc7 Rb2 36. Qa4 Rxg2+ 37. Kxg2 Rb2+ 38. Rc2 Rxc2+ 39. Qxc2 Qc6+ 40. Kh2 Qxc7
41. Rxd4 Nf8 42. Rd1 g6 43. Qc4 Kg7 44. h4 Qc6 45. a4 Ne6 46. a5 Nc7 47. Ra1 Na6
48. Rb1 Bd8 49. Rb6 Bxb6 50. Qxa6 Qf3 51. axb6 Qf2+ 52. Kh3 Qf3 53. Kh2 Qf2+ 54.
Kh3 Qf3 55. Qa1 Qg4+ 56. Kg2 Qe2+ 57. Kg1 Qe3+ 58. Kh2 Qe2+ 59. Kh3 1/2-1/2

[Event "ch-USA w 2018"]
[Site "Saint Louis USA"]
[Date "2018.04.22"]
[Round "5.5"]
[White "Derakhshani, Dorsa"]
[Black "Foisor, Sabina-Francesca"]
[Result "1/2-1/2"]
[WhiteTitle "IM"]
[BlackTitle "WGM"]
[WhiteElo "2306"]
[BlackElo "2308"]
[WhiteFideId "12500330"]
[BlackFideId "1212915"]
[EventDate "2018.04.18"]

1. e4 e5 2. Nf3 Nc6 3. Nc3 Nf6 4. d4 exd4 5. Nxd4 Bb4 6. Nxc6 bxc6 7. Bd3 O-O 8.
O-O d5 9. exd5 Bg4 10. f3 Bh5 11. dxc6 Qd4+ 12. Kh1 Bxc3 13. bxc3 Qxc3 14. Rb1
Bg6 15. Bb2 Qxc6 16. Bxg6 hxg6 17. Qd3 Rfd8 18. Qc3 Qxc3 19. Bxc3 Nd5 20. Bd4
Nb6 21. Rfd1 f6 22. Kg1 Kf7 23. Rd3 Rd5 24. Rbd1 Rad8 25. Kf2 Ra5 26. a3 c5 27.
Be3 Rxd3 28. Rxd3 Ke6 29. Bc1 c4 30. Rd8 Rb5 31. Ke2 Nd5 32. Rc8 c3 33. Kd3 Rb1
34. Be3 Rd1+ 35. Ke2 Ra1 36. Bxa7 Rxa3 37. Bd4 Ra2 38. Kd3 Nf4+ 39. Kxc3 Nxg2
40. Kb3 Ra5 41. Rc7 Nh4 42. f4 Rh5 43. Bf2 Nf5 44. Bg3 Rh3 45. Rc3 Kd5 46. Kb4
Rh8 47. Rc4 Rb8+ 48. Kc3 Re8 49. Ra4 Nxg3 50. Rd4+ Ke6 51. hxg3 Kf5 52. Kb4 Kg4
53. Rd3 Rb8+ 54. Ka4 Rc8 55. c3 g5 56. fxg5 Kxg5 57. Kb5 Kg4 58. c4 f5 59. c5 g5
60. c6 f4 61. gxf4 gxf4 62. Kb6 f3 63. Kb7 Rxc6 64. Kxc6 f2 65. Rd1 Kf3 1/2-1/2

[Event "ch-USA w 2018"]
[Site "Saint Louis USA"]
[Date "2018.04.22"]
[Round "5.6"]
[White "Goletiani, Rusudan"]
[Black "Feng, Maggie"]
[Result "0-1"]
[WhiteTitle "IM"]
[BlackTitle "FM"]
[WhiteElo "2306"]
[BlackElo "2243"]
[WhiteFideId "13601105"]
[BlackFideId "2078090"]
[EventDate "2018.04.18"]

1. Nf3 d5 2. b3 Nf6 3. Bb2 e6 4. e3 Bd6 5. Ne5 O-O 6. Bd3 c5 7. O-O Nc6 8. Nxc6
bxc6 9. f4 a5 10. g4 Nd7 11. g5 e5 12. Bxh7+ Kxh7 13. Qh5+ Kg8 14. Rf3 Re8 15.
Rh3 Kf8 16. Na3 Ke7 17. Rf1 Ba6 18. fxe5 Bxf1 19. Rf3 Nxe5 20. Bxe5 Bxe5 21.
Rxf7+ Kd6 22. Rxf1 Rf8 23. Re1 Qe8 24. Qg4 Qe6 25. Qxe6+ Kxe6 26. d4 Bd6 27. c4
Rf5 28. h4 Bg3 0-1

[Event "ch-USA w 2018"]
[Site "Saint Louis USA"]
[Date "2018.04.23"]
[Round "6.1"]
[White "Feng, Maggie"]
[Black "Paikidze, Nazi"]
[Result "1/2-1/2"]
[WhiteTitle "FM"]
[BlackTitle "IM"]
[WhiteElo "2243"]
[BlackElo "2352"]
[WhiteFideId "2078090"]
[BlackFideId "13603620"]
[EventDate "2018.04.18"]

1. Nf3 Nf6 2. g3 d5 3. Bg2 e6 4. O-O Be7 5. c4 O-O 6. Ne5 Qd6 7. d4 dxc4 8. Nxc4
Qa6 9. Qb3 Nc6 10. e3 b5 11. Ne5 Bb7 12. Nd3 Na5 13. Qc2 Bxg2 14. Kxg2 b4 15.
Nd2 Rfd8 16. Nb3 Nxb3 17. Qxb3 c5 18. Nxc5 Bxc5 19. dxc5 Qc6+ 20. f3 Qxc5 21. e4
Qb5 22. Rf2 a5 23. a4 Qd3 24. Qxd3 Rxd3 25. Bf4 Rc8 26. Rc1 Rxc1 27. Bxc1 Nd7
28. Rc2 Kf8 29. Rc8+ Ke7 30. Ra8 Rd1 31. Be3 Rb1 32. Rxa5 Rxb2+ 33. Kh3 Ra2 34.
Rb5 Rxa4 1/2-1/2

[Event "ch-USA w 2018"]
[Site "Saint Louis USA"]
[Date "2018.04.23"]
[Round "6.2"]
[White "Wang, Annie"]
[Black "Derakhshani, Dorsa"]
[Result "1-0"]
[WhiteTitle "FM"]
[BlackTitle "IM"]
[WhiteElo "2321"]
[BlackElo "2306"]
[WhiteFideId "2053900"]
[BlackFideId "12500330"]
[EventDate "2018.04.18"]

1. d4 Nf6 2. c4 e6 3. Nc3 Bb4 4. Qc2 O-O 5. a3 Bxc3+ 6. Qxc3 b6 7. Bg5 h6 8. Bh4
Ba6 9. e3 d5 10. Nf3 Nbd7 11. Bd3 c5 12. cxd5 cxd4 13. Nxd4 Bxd3 14. Qxd3 Nc5
15. Qe2 g5 16. Bg3 Qxd5 17. O-O Nfe4 18. Rfd1 Rfd8 19. Rac1 Nxg3 20. hxg3 Nb3
21. Nxb3 Qxb3 22. Rd2 Rac8 23. Rxc8 Rxc8 24. Qh5 Kg7 25. Rd7 Rf8 26. Qe2 a5 27.
Qd2 Qc4 28. Rb7 Qc5 29. b4 axb4 30. axb4 Qe5 31. Rxb6 Ra8 32. Rc6 Qd5 33. Qxd5
Ra1+ 34. Kh2 exd5 35. Rc5 Ra2 36. f4 gxf4 37. gxf4 Ra3 38. Rxd5 Rxe3 39. b5 Rb3
40. g3 Rb2+ 41. Kh3 Rb4 42. Kg4 Rb3 43. Rc5 Kh7 44. Kf5 Kg7 45. g4 Rb4 46. Ke5
f6+ 47. Kd6 Rxf4 48. b6 Rxg4 49. b7 Rb4 50. Kc6 Rxb7 51. Kxb7 Kg6 52. Kc6 h5 53.
Kd5 Kf5 54. Kd4+ Kg4 55. Ke3 h4 56. Kf2 f5 57. Kg2 1-0

[Event "ch-USA w 2018"]
[Site "Saint Louis USA"]
[Date "2018.04.23"]
[Round "6.4"]
[White "Abrahamyan, Tatev"]
[Black "Gorti, Akshita"]
[Result "1-0"]
[WhiteTitle "WGM"]
[BlackTitle "FM"]
[WhiteElo "2366"]
[BlackElo "2252"]
[WhiteFideId "13301918"]
[BlackFideId "2072505"]
[EventDate "2018.04.18"]

1. e4 e6 2. d4 d5 3. Nc3 Bb4 4. exd5 exd5 5. Bd3 Nc6 6. a3 Bxc3+ 7. bxc3 Nge7 8.
Qh5 Be6 9. Rb1 b6 10. Nf3 Qd7 11. Ng5 O-O-O 12. Nxe6 Qxe6+ 13. Be3 g6 14. Qf3
Nf5 15. O-O Nxe3 16. Rfe1 f5 17. Rxe3 Qd6 18. Ba6+ Kb8 19. a4 Rhe8 20. Rbe1 Rxe3
21. Qxe3 Qa3 22. Qd3 Na5 23. Bb5 c6 24. Ba6 Qd6 25. Qe3 Nb7 26. Qg5 Rd7 27. h4
Kc7 28. h5 Qa3 29. Re8 Nd6 30. Ra8 Ne4 31. Rc8+ Kd6 32. Qf4+ Ke7 33. Qe5+ Kf7
34. hxg6+ hxg6 35. Qe8+ Kf6 36. Qxd7 1-0

[Event "ch-USA w 2018"]
[Site "Saint Louis USA"]
[Date "2018.04.23"]
[Round "6.5"]
[White "Foisor, Sabina-Francesca"]
[Black "Sharevich, Anna"]
[Result "0-1"]
[WhiteTitle "WGM"]
[BlackTitle "WGM"]
[WhiteElo "2308"]
[BlackElo "2281"]
[WhiteFideId "1212915"]
[BlackFideId "13503189"]
[EventDate "2018.04.18"]

1. d4 d5 2. c4 e6 3. Nc3 Nf6 4. Nf3 Nbd7 5. Bg5 Be7 6. e3 h6 7. Bh4 O-O 8. Rc1
c6 9. Bd3 dxc4 10. Bxc4 a6 11. a3 b5 12. Ba2 Bb7 13. O-O a5 14. Re1 b4 15. Nb1
Ne4 16. Bxe7 Qxe7 17. Ne5 Nxe5 18. dxe5 c5 19. f3 Rfd8 20. Qc2 Ng5 21. e4 a4 22.
Bc4 Rd4 23. Bf1 Rc8 24. Qf2 Rcd8 25. Rc2 b3 26. Rcc1 Nh7 27. Nc3 Nf8 28. Qe3 Ng6
29. Nb5 Rd2 30. Nd6 Rxb2 31. Qxc5 Ba8 32. Qd4 Ra2 33. Qxa4 Nxe5 34. Qxb3 Qa7+
35. Kh1 Rxa3 36. Qb2 Nxf3 37. gxf3 Rxd6 38. Ra1 Rxa1 39. Rxa1 Qb7 40. Qb5 Rd8
41. Qxb7 Bxb7 42. Rb1 Bc6 43. Kg2 g5 44. Kg3 Kg7 45. Rb6 Ba4 46. Rb4 Bd1 47. f4
Rd2 48. fxg5 hxg5 49. e5 Rd5 50. Re4 Bc2 51. Re3 Rd4 52. Bg2 Bf5 53. h3 f6 54.
exf6+ Kxf6 55. Bf3 e5 56. Rb3 e4 57. Rb6+ Ke5 58. Rb5+ Rd5 59. Rxd5+ Kxd5 60.
Be2 Kd4 61. h4 Ke3 62. Bb5 gxh4+ 63. Kxh4 Kd2 64. Kg5 Bh7 65. Bc6 e3 66. Bf3 Be4
67. Bg4 Bd3 68. Kf4 Be2 69. Bh3 Bd1 70. Bf1 Bc2 71. Kf3 Bd3 0-1

[Event "ch-USA w 2018"]
[Site "Saint Louis USA"]
[Date "2018.04.23"]
[Round "6.6"]
[White "Goletiani, Rusudan"]
[Black "Yu, Jennifer"]
[Result "0-1"]
[WhiteTitle "IM"]
[BlackTitle "FM"]
[WhiteElo "2306"]
[BlackElo "2367"]
[WhiteFideId "13601105"]
[BlackFideId "2078341"]
[EventDate "2018.04.18"]

1. Nf3 d5 2. c4 c6 3. e3 Nf6 4. b3 Bg4 5. Bb2 e6 6. Be2 Nbd7 7. h3 Bh5 8. O-O
Bd6 9. Nc3 O-O 10. Rc1 Qe7 11. cxd5 exd5 12. Nd4 Bxe2 13. Ncxe2 g6 14. Ba1 Ne4
15. f4 f5 16. Qc2 Bb4 17. Nc3 Nxc3 18. Bxc3 Bxc3 19. Qxc3 Rfe8 20. b4 Qg7 21.
Qb3 Qf7 22. Nf3 h6 23. Kh2 Re4 24. a3 a6 25. Rf2 Rae8 26. Rg1 Kf8 27. g4 fxg4
28. Rxg4 Ke7 29. Rg1 Kd8 30. Nd4 g5 31. f5 Nf6 32. Qd1 Rh4 33. Ne6+ Kc8 34. d3
g4 35. Rg3 Qh5 36. Nf4 Qxf5 37. Qf1 gxh3 38. Ng6 Ng4+ 39. Rxg4 Qxg4 40. Nxh4
Qxh4 41. Rf3 Rg8 42. Rxh3 Qg5 43. Rf3 Qe5+ 44. Kh1 Rg5 45. Rh3 Rf5 46. Qg2 Qf6
47. Qg8+ Kc7 48. Qg3+ Kb6 49. e4 Qa1+ 50. Qg1+ Qxg1+ 51. Kxg1 dxe4 52. dxe4 Re5
53. Re3 Kb5 54. Kf2 Kc4 55. Kf3 Kd4 56. Re1 Re7 57. Rd1+ Ke5 58. Rh1 Rf7+ 59.
Ke3 Rh7 60. Rh5+ Kf6 61. Kf4 Kg6 62. Rh1 h5 63. Rg1+ Kf7 64. Ke5 Ke7 65. Rg6 h4
66. Re6+ Kd7 67. Rd6+ Ke8 68. Rd2 h3 69. Rh2 Ke7 70. Kf5 Rf7+ 71. Kg4 Ke6 72.
Rxh3 Ke5 73. Re3 Rf4+ 74. Kg5 Rxe4 75. Rd3 Rd4 76. Re3+ Kd6 77. Kf5 Rd1 78. Ke4
Kc7 79. Rc3 Kb6 80. Rc5 Ra1 81. Ra5 Ka7 82. Kd4 b5 83. Kc3 Kb6 84. Kb2 Rh1 85.
a4 Rh4 86. axb5 Rxb4+ 87. Kc3 Kxa5 88. bxc6 Rb6 0-1

[Event "ch-USA w 2018"]
[Site "Saint Louis USA"]
[Date "2018.04.25"]
[Round "7.1"]
[White "Sharevich, Anna"]
[Black "Wang, Annie"]
[Result "0-1"]
[WhiteTitle "WGM"]
[BlackTitle "FM"]
[WhiteElo "2281"]
[BlackElo "2321"]
[WhiteFideId "13503189"]
[BlackFideId "2053900"]
[EventDate "2018.04.18"]

1. d4 e6 2. Nf3 Nf6 3. c4 d5 4. Nc3 Be7 5. Bg5 h6 6. Bh4 O-O 7. e3 b6 8. g4 Ne4
9. Bxe7 Qxe7 10. Rg1 Bb7 11. g5 hxg5 12. Nxe4 dxe4 13. Nxg5 f6 14. Nh3 e5 15. c5
Bd5 16. dxe5 Qxe5 17. Nf4 Bf7 18. Ng6 Qxb2 19. Ne7+ Kh8 20. Be2 Qc3+ 21. Kf1
Qxc5 22. Ng6+ Bxg6 23. Rxg6 Qf5 24. Rg4 g6 25. Rc1 c5 26. Qd6 Kg7 27. Rd1 Rf7
28. Rf4 Qh3+ 29. Kg1 Na6 30. Bxa6 Rh8 31. Rxe4 Rh5 32. Rd5 f5 33. Qe5+ Kh7 34.
Be2 Rg5+ 35. Rg4 Rxg4+ 36. Bxg4 Qxg4+ 37. Kf1 Qh4 38. Qe6 Qe7 39. Qxe7 Rxe7 40.
Ke2 Kh6 41. f3 Kg5 42. Rd6 f4 43. e4 Rh7 44. Rd5+ Kf6 45. Rd6+ Ke5 46. Rxg6
Rxh2+ 47. Kd3 Rf2 48. Rg5+ Ke6 49. Rg6+ Kf7 50. Rh6 Rxf3+ 51. Kc4 Ra3 52. Kd5
Rxa2 53. e5 f3 54. Rf6+ Ke7 55. Rxf3 Rd2+ 56. Ke4 b5 57. Rh3 a5 58. Rh7+ Ke6 59.
Rh6+ Kf7 60. Rh7+ Kg6 61. Rb7 Rd4+ 62. Ke3 Rb4 63. e6 Kf6 64. e7 Kf7 65. Rc7 Rc4
66. Rb7 b4 67. Kd3 Rd4+ 68. Kc2 a4 69. Ra7 Ke8 70. Rxa4 Kxe7 71. Kb3 Kd6 72. Ra8
Rd3+ 73. Kc2 Rc3+ 74. Kb2 Kd5 75. Rh8 Re3 76. Kc2 Kc4 77. Rh4+ Kb5 78. Rh5 b3+
79. Kb2 Kb4 80. Rh4+ c4 81. Rg4 Re2+ 82. Kc1 Rh2 83. Rf4 Ka3 0-1

[Event "ch-USA w 2018"]
[Site "Saint Louis USA"]
[Date "2018.04.25"]
[Round "7.2"]
[White "Paikidze, Nazi"]
[Black "Zatonskih, Anna"]
[Result "1/2-1/2"]
[WhiteTitle "IM"]
[BlackTitle "IM"]
[WhiteElo "2352"]
[BlackElo "2444"]
[WhiteFideId "13603620"]
[BlackFideId "14101572"]
[EventDate "2018.04.18"]

1. d4 d5 2. Nc3 Nf6 3. Bf4 e6 4. Nb5 Na6 5. e3 Be7 6. Nf3 O-O 7. Ne5 Ne4 8. Bd3
f6 9. Nf3 c6 10. Nc3 Nxc3 11. bxc3 c5 12. h4 Qa5 13. Kd2 cxd4 14. exd4 e5 15.
dxe5 Nc5 16. Ke2 Bg4 17. Kf1 Nxd3 18. Qxd3 Bxf3 19. gxf3 Rac8 20. Rd1 Rxc3 21.
Qxd5+ Qxd5 22. Rxd5 fxe5 23. Bxe5 Rcxf3 24. Bd4 b6 25. h5 h6 26. Rg1 Bg5 27.
Rdxg5 hxg5 28. Rxg5 R8f7 29. h6 g6 30. Rxg6+ Kh7 31. Re6 Ra3 32. Ke2 Rd7 33. c3
Rxa2+ 34. Kf3 Ra1 35. Kg2 Rf7 36. f4 Ra5 37. Be5 Ra2+ 38. Kg3 Ra1 39. Kg2 Ra2+
40. Kg3 Ra1 41. Kg2 Rd7 42. Kf3 Rh1 43. Re8 Kxh6 44. Rh8+ Rh7 45. Rg8 Re1 46.
Bd4 Rd7 47. Rh8+ Kg6 48. Kg4 Re4 49. Be5 Re7 50. Bd4 Rd7 51. Be5 Re7 52. Bd4 Rd7
53. Be5 Re7 1/2-1/2

[Event "ch-USA w 2018"]
[Site "Saint Louis USA"]
[Date "2018.04.25"]
[Round "7.4"]
[White "Yu, Jennifer"]
[Black "Feng, Maggie"]
[Result "1-0"]
[WhiteTitle "FM"]
[BlackTitle "FM"]
[WhiteElo "2367"]
[BlackElo "2243"]
[WhiteFideId "2078341"]
[BlackFideId "2078090"]
[EventDate "2018.04.18"]

1. b4 Nf6 2. Bb2 e6 3. a3 d5 4. Nf3 Bd6 5. e3 Nbd7 6. c4 c6 7. Be2 e5 8. d4 e4
9. Nfd2 Nf8 10. Nc3 Ng6 11. Rc1 O-O 12. O-O Be6 13. b5 Ne8 14. g3 Qg5 15. Qb3 h5
16. Ncxe4 dxe4 17. Nxe4 Qh6 18. f4 Ne7 19. Ng5 cxb5 20. Qxb5 a6 21. Qa4 Bc7 22.
e4 Bg4 23. Bxg4 hxg4 24. Qd7 Qb6 25. Rf2 Nc6 26. c5 Qb3 27. d5 Ne5 28. fxe5 Qe3
29. Qxg4 Bd8 30. h4 Bxg5 31. hxg5 g6 32. Qf4 Qxf4 33. gxf4 Ng7 34. f5 Rac8 35.
f6 Nh5 36. Kg2 Rfe8 37. e6 Kf8 38. e7+ Rxe7 39. fxe7+ Kxe7 40. c6 bxc6 41. Rxc6
Rxc6 42. dxc6 Kd6 43. Rc2 Nf4+ 44. Kf3 Ne6 45. c7 Nxc7 46. Be5+ Kxe5 47. Rxc7
Ke6 48. Rc6+ Ke7 49. Rxa6 Kd7 50. Rb6 Kc7 51. Rb1 Kd7 52. a4 Kc7 53. a5 Kd7 54.
a6 Kc7 55. a7 Kd7 56. a8=Q Ke7 57. Rb7+ Kd6 58. Qd8+ Kc5 59. Qd5# 1-0

[Event "ch-USA w 2018"]
[Site "Saint Louis USA"]
[Date "2018.04.25"]
[Round "7.5"]
[White "Derakhshani, Dorsa"]
[Black "Abrahamyan, Tatev"]
[Result "1/2-1/2"]
[WhiteTitle "IM"]
[BlackTitle "WGM"]
[WhiteElo "2306"]
[BlackElo "2366"]
[WhiteFideId "12500330"]
[BlackFideId "13301918"]
[EventDate "2018.04.18"]

1. e4 e6 2. d4 d5 3. Nc3 Bb4 4. e5 Ne7 5. a3 Bxc3+ 6. bxc3 c5 7. Qg4 cxd4 8.
Qxg7 Rg8 9. Qxh7 Qc7 10. Ne2 Nbc6 11. h4 Qxe5 12. Bf4 Qf5 13. Qxf5 Nxf5 14. cxd4
Nfxd4 15. Nxd4 Nxd4 16. O-O-O Nc6 17. Bg5 Kf8 18. Bf6 Rg6 19. Bc3 f6 20. h5 Rh6
21. Bd2 Rh8 22. Bc3 Kf7 23. f4 Bd7 24. g4 e5 25. g5 fxg5 26. fxg5 Bg4 27. g6+
Kf6 28. g7 Rxh5 29. Rxh5 Bxh5 30. Rxd5 Kxg7 31. Bxe5+ Nxe5 1/2-1/2

[Event "ch-USA w 2018"]
[Site "Saint Louis USA"]
[Date "2018.04.26"]
[Round "8.3"]
[White "Feng, Maggie"]
[Black "Zatonskih, Anna"]
[Result "0-1"]
[WhiteTitle "FM"]
[BlackTitle "IM"]
[WhiteElo "2243"]
[BlackElo "2444"]
[WhiteFideId "2078090"]
[BlackFideId "14101572"]
[EventDate "2018.04.18"]

1. Nf3 d5 2. g3 Nf6 3. Bg2 e6 4. O-O c5 5. c4 d4 6. e3 Nc6 7. exd4 cxd4 8. d3
Bd6 9. Na3 O-O 10. Nc2 e5 11. b4 Re8 12. Rb1 a6 13. Ng5 Bf5 14. f4 Qd7 15. Ne4
Bxe4 16. dxe4 exf4 17. gxf4 Nxe4 18. Bb2 d3 19. Ne1 Nxb4 20. a3 Bc5+ 21. Kh1
Nf2+ 22. Rxf2 Bxf2 23. Nf3 Nc6 24. Ne5 Nxe5 25. fxe5 Rad8 26. Bd5 Qf5 27. Qf1 d2
28. Kg2 Re6 29. Bxe6 fxe6 30. Rd1 Qg4+ 31. Kxf2 Rf8+ 32. Ke3 Rxf1 33. Rxf1 d1=Q
34. Rxd1 Qxd1 35. Bd4 Kf7 36. c5 Kg6 37. Ke4 Kg5 38. Be3+ Kg4 39. h3+ Kxh3 40.
Kf4 Qg4# 0-1

[Event "ch-USA w 2018"]
[Site "Saint Louis USA"]
[Date "2018.04.26"]
[Round "8.4"]
[White "Abrahamyan, Tatev"]
[Black "Sharevich, Anna"]
[Result "1-0"]
[WhiteTitle "WGM"]
[BlackTitle "WGM"]
[WhiteElo "2366"]
[BlackElo "2281"]
[WhiteFideId "13301918"]
[BlackFideId "13503189"]
[EventDate "2018.04.18"]

1. e4 c6 2. d4 d5 3. Nc3 dxe4 4. Nxe4 Nf6 5. Nxf6+ exf6 6. c3 Bd6 7. Bd3 O-O 8.
Qc2 Re8+ 9. Ne2 h6 10. O-O Qc7 11. h3 Nd7 12. Be3 Nf8 13. c4 Ne6 14. Rac1 Bd7
15. Qd2 c5 16. d5 Ng5 17. Qc2 f5 18. Bxf5 Bxf5 19. Qxf5 Re4 20. Bxg5 Re5 21. Qd3
hxg5 22. Rfe1 Rae8 23. Qd2 Qe7 24. Kf1 g4 25. Ng1 gxh3 26. Nxh3 Qf6 27. b3 R8e7
28. Rcd1 g5 29. Rxe5 Rxe5 30. Re1 Rxe1+ 31. Kxe1 Qa1+ 32. Qd1 Qe5+ 33. Kf1 Qf5
34. g4 Qe5 35. Qe2 Qh2 36. Qe8+ Kg7 37. Nxg5 Qf4 38. Ne4 Be5 39. Ng3 Qc1+ 40.
Kg2 Bxg3 41. Kxg3 Qg1+ 42. Kf3 Qd1+ 43. Qe2 Qh1+ 44. Ke3 Qh6+ 45. Kd3 Qf6 46.
Qe3 Qa1 47. Qe2 b5 48. Ke3 bxc4 49. bxc4 Qc1+ 50. Ke4 Qb1+ 51. Kf3 Qh1+ 52. Kf4
Qh2+ 53. Kf5 Qh7+ 54. Kf4 Qh2+ 55. Ke4 Qh1+ 56. f3 Qa1 57. Qd2 f6 58. f4 Qh1+
59. Kd3 Qb1+ 60. Ke2 Qg1 61. g5 Qg2+ 62. Kd3 Qf1+ 63. Kc3 Qb1 64. d6 Qb4+ 65.
Kd3 Qb1+ 66. Ke2 Qh1 67. d7 Qg2+ 68. Kd3 Qf3+ 69. Kc2 Qe4+ 70. Qd3 Qg2+ 71. Kc3 1-0

[Event "ch-USA w 2018"]
[Site "Saint Louis USA"]
[Date "2018.04.26"]
[Round "8.5"]
[White "Yu, Jennifer"]
[Black "Gorti, Akshita"]
[Result "1-0"]
[WhiteTitle "FM"]
[BlackTitle "FM"]
[WhiteElo "2367"]
[BlackElo "2252"]
[WhiteFideId "2078341"]
[BlackFideId "2072505"]
[EventDate "2018.04.18"]

1. c4 e6 2. g3 d5 3. Bg2 Nf6 4. Nf3 Be7 5. O-O O-O 6. b3 c5 7. Bb2 b6 8. cxd5
Nxd5 9. d4 Bb7 10. Nbd2 Nf6 11. Nc4 Nbd7 12. e3 Rc8 13. Qe2 Qc7 14. Rac1 Qb8 15.
Nfe5 Bxg2 16. Kxg2 b5 17. Nxd7 Nxd7 18. Ne5 Qb7+ 19. Qf3 Qxf3+ 20. Kxf3 Nb6 21.
dxc5 Rxc5 22. Bd4 Rxc1 23. Rxc1 Rc8 24. Nc6 Kf8 25. Bxb6 axb6 26. Rc2 Ke8 27.
Ke2 Bf6 28. Kd3 Kd7 29. Na7 Rxc2 30. Kxc2 b4 31. Kd3 h5 32. h3 g5 33. g4 hxg4
34. hxg4 Be7 35. Kc4 f5 36. gxf5 exf5 37. Kd5 g4 38. Nc6 Bh4 39. Ne5+ Kc7 40.
Nd3 g3 41. fxg3 Bxg3 42. Ke6 Bd6 43. Kxf5 Kc6 44. Ke6 Bf8 45. e4 Kb5 46. Kd7 1-0

[Event "ch-USA w 2018"]
[Site "Saint Louis USA"]
[Date "2018.04.26"]
[Round "8.6"]
[White "Goletiani, Rusudan"]
[Black "Derakhshani, Dorsa"]
[Result "1-0"]
[WhiteTitle "IM"]
[BlackTitle "IM"]
[WhiteElo "2306"]
[BlackElo "2306"]
[WhiteFideId "13601105"]
[BlackFideId "12500330"]
[EventDate "2018.04.18"]

1. Nf3 Nf6 2. c4 g6 3. Nc3 d5 4. cxd5 Nxd5 5. Qa4+ c6 6. Qd4 Nf6 7. Qxd8+ Kxd8
8. e4 Bg7 9. d4 b5 10. a3 Be6 11. Ng5 Bb3 12. d5 Rf8 13. dxc6 a6 14. Be3 Nxc6
15. Rc1 Kd7 16. Be2 Rfc8 17. O-O Ke8 18. f4 h6 19. Nh3 Na5 20. Bd4 Nc4 21. e5
Nd7 22. Bf3 Rab8 23. Ne4 a5 24. Nhf2 Rc7 25. Rfe1 Kf8 26. Nd2 Nc5 27. Re2 Rd8
28. Bc3 Ra7 29. Nfe4 Nxd2 30. Rxd2 Ne6 31. Rxd8+ Nxd8 32. Bd4 Rd7 33. Bb6 Bc4
34. b3 Be6 35. Rc8 Ke8 36. Rb8 1-0

[Event "ch-USA w 2018"]
[Site "Saint Louis USA"]
[Date "2018.04.27"]
[Round "9.1"]
[White "Paikidze, Nazi"]
[Black "Wang, Annie"]
[Result "1/2-1/2"]
[WhiteTitle "IM"]
[BlackTitle "FM"]
[WhiteElo "2352"]
[BlackElo "2321"]
[WhiteFideId "13603620"]
[BlackFideId "2053900"]
[EventDate "2018.04.18"]

1. c4 e6 2. Nc3 d5 3. d4 Be7 4. cxd5 exd5 5. Bf4 Nf6 6. e3 O-O 7. Bd3 c6 8. Qc2
Nbd7 9. Nf3 Re8 10. h3 Nf8 11. O-O-O Qa5 12. Kb1 Bb4 13. Rc1 Ne4 14. Bxe4 dxe4
15. Nd2 Be6 16. Nb3 Qd8 17. Rhd1 Bxc3 18. Qxc3 Qb6 19. Na5 Nd7 20. b3 Qa6 21.
Qb4 Nb6 22. Bg3 Rad8 23. Rc5 Rd7 24. Qd2 Bd5 25. Qe1 Nc8 26. Rc2 Nb6 27. Rc5 Nc8
28. Rc2 Nb6 29. Rc5 Nc8 30. Rc2 Nb6 1/2-1/2

[Event "ch-USA w 2018"]
[Site "Saint Louis USA"]
[Date "2018.04.27"]
[Round "9.2"]
[White "Zatonskih, Anna"]
[Black "Foisor, Sabina-Francesca"]
[Result "1/2-1/2"]
[WhiteTitle "IM"]
[BlackTitle "WGM"]
[WhiteElo "2444"]
[BlackElo "2308"]
[WhiteFideId "14101572"]
[BlackFideId "1212915"]
[EventDate "2018.04.18"]

1. d4 d5 2. c4 c6 3. e3 Nf6 4. Nf3 a6 5. Bd2 g6 6. Bd3 Bg7 7. O-O O-O 8. Nc3 Bg4
9. h3 Bxf3 10. Qxf3 e5 11. dxe5 Nfd7 12. cxd5 Nxe5 13. Qe2 cxd5 14. Rfd1 Nbc6
15. Be1 Nxd3 16. Qxd3 d4 17. exd4 Qxd4 18. Qxd4 Nxd4 19. Rac1 Rfe8 20. Kf1 Rad8
21. Na4 Ne6 22. Bc3 b5 23. Bxg7 Kxg7 24. Nc3 Nf4 25. h4 h5 26. g3 Ne6 27. Ne4
Rxd1+ 28. Rxd1 Rd8 29. Rxd8 Nxd8 30. Ke2 Nc6 31. Ke3 Kf8 32. f3 Ke7 33. f4 f5
34. Nc5 a5 35. a4 1/2-1/2